Richmond Housing Partnership Ltd v Brick Farm Management L (Record no. 75753)
[ view plain ]
| 000 -LEADER | |
|---|---|
| fixed length control field | 02073cab a2200217 4500 |
| 001 - CONTROL NUMBER | |
| control field | L130640 |
| 008 - FIXED-LENGTH DATA ELEMENTS--GENERAL INFORMATION | |
| fixed length control field | 050822n2005 000 0 eng u |
| 035 ## - SYSTEM CONTROL NUMBER | |
| System control number | (Sirsi) u130640 |
| 041 ## - LANGUAGE CODE | |
| Language code of text/sound track or separate title | eng |
| 245 ## - TITLE STATEMENT | |
| Title | Richmond Housing Partnership Ltd v Brick Farm Management L |
| 260 ## - PUBLICATION, DISTRIBUTION, ETC. | |
| Date of publication, distribution, etc. | 2005 |
| 520 ## - SUMMARY, ETC. | |
| Summary, etc. | 2005] EWHC 1650 (QB), 28 July 2005. Raises issues as to the scope of the exclusion of charitable housing trusts from the collective enfranchisement provisions of the Leasehold Reform, Housing and Urban Development Act 1993 Part 1 Chapter 1. Appeal by the freehold owner (R), a charitable housing trust, against the declaration that the participating tenants (B) had the right to collective enfranchisement of the flats. R contended that the judge had erred in accepting B as qualifying tenants within the meaning of s5 of the Act and that he should have denied the enfranchisement entitlement because the tenants' flats form part of the housing accommodation provided by R in the pursuit of its charitable purposes within the meaning of s5 (2) (b) of the Act. "Held": appeal dismissed. The fact that R is a charitable housing trust and that some of the flats are let by it in pursuit of its charitable objects, does not disqualify the participating tenants from the right to collective enfranchisement. The meaning of s5 (2)(b) becomes clear when the wording of the Housing Act 1985 s6, which is expressly referred to in s5 (2)(b) is taken into account: the housing accommodation provided by a housing trust is the social housing it provides. |
| 590 ## - LOCAL NOTE (RLIN) | |
| Local note | IKA300805 |
| 650 ## - SUBJECT ADDED ENTRY--TOPICAL TERM | |
| Topical term or geographic name entry element | RICHMOND HOUSING PARTNERSHIP LTD V BRICK FARM MANAGEMENT LTD |
| 650 ## - SUBJECT ADDED ENTRY--TOPICAL TERM | |
| Topical term or geographic name entry element | LEASEHOLD REFORM, HOUSING AND URBAN DEVELOPMENT ACT 1993 S5(2)(B) |
| 650 ## - SUBJECT ADDED ENTRY--TOPICAL TERM | |
| Topical term or geographic name entry element | LEASEHOLD REFORM, HOUSING AND URBAN DEVELOPMENT ACT 1993 S5 |
| 650 ## - SUBJECT ADDED ENTRY--TOPICAL TERM | |
| Topical term or geographic name entry element | HOUSING ACT 1985 S6 |
| 690 ## - LOCAL SUBJECT ADDED ENTRY--TOPICAL TERM (OCLC, RLIN) | |
| Topical term or geographic name as entry element | PROPERTY-LEASEHOLD PROPERTY-LANDLORD AND TENANT-LEASES-LEASEHOLD ENFRANCHISEMENT |
| 856 ## - ELECTRONIC LOCATION AND ACCESS | |
| Uniform Resource Identifier | <a href="https://www.bailii.org/ew/cases/EWHC/QB/2005/1650.html">https://www.bailii.org/ew/cases/EWHC/QB/2005/1650.html</a> |
| Public note | View the judgment free of charge at www.bailii.org... |
| 942 ## - ADDED ENTRY ELEMENTS (KOHA) | |
| Suppress in OPAC | 0 |
| Withdrawn status | Lost status | Source of classification or shelving scheme | Damaged status | Not for loan | Home library | Current library | Shelving location | Date acquired | Total Checkouts | Full call number | Barcode | Date last seen | Copy number | Price effective from | Koha item type |
|---|---|---|---|---|---|---|---|---|---|---|---|---|---|---|---|
| Dewey Decimal Classification | Virtual | Virtual | Online | 22/08/2005 | ONLINE PUBLICATION | 130640-2001 | 06/08/2019 | 1 | 06/08/2019 | Law report |